Historia oral de la ciudad de México : testimonios de sus arquitectos, 1940-1990 : Mario Pani /
Shranjeno v:
| Glavni avtor: | |
|---|---|
| Drugi avtorji: | |
| Format: | Knjiga |
| Jezik: | španščina |
| Izdano: |
México :
Instituto Mora,
2000, c2000
|
| Teme: | |
| Oznake: |
Brez oznak, prvi označite!
|
MARC
| LEADER | 00000nam^a2200000^a^4500 | ||
|---|---|---|---|
| 001 | 000121558 | ||
| 005 | 20250521000000.0 | ||
| 009 | 20260310094430.934 | ||
| 020 | |a 970-684-028-1 | ||
| 037 | |a Acervo ITESO - Biblioteca | ||
| 041 | |a ESP | ||
| 082 | |a 720. 972532 |b HIS V. 4 | ||
| 100 | |a Pani, Mario |e (autor) | ||
| 240 | 1 | 1 | |a [Historia oral de la ciudad de México] |
| 240 | 1 | 1 | |a [Historia oral de la ciudad de México: testimonios de sus arquitectos, 1940-1990] |
| 245 | 1 | 0 | |a Historia oral de la ciudad de México : |b testimonios de sus arquitectos, 1940-1990 : Mario Pani / |c M. Pani ; entrevistado por G. de Garay ; investigación de G. de Garay ; presen. de Enrique Creel. |
| 264 | 4 | |a México : |b Instituto Mora, |c 2000, c2000 | |
| 300 | |a 124 p. | ||
| 336 | |a texto |b txt |2 rdacontenido | ||
| 337 | |a sin mediación |b n |2 rdamedio | ||
| 338 | |a volumen |b nc |2 rdasoporte | ||
| 545 | 0 | |a Mario Pani Darqui (Ciudad de México, 1911-1993), arquitecto y urbanista. Titulado en 1934 por la Escuela de Bellas de Artes de París, apenas dos años después dio tempranas muestras de su talento con el Hotel Reforma (1935-36). Los años 1936-1964 supusieron un fructífero período profesional para Pani, del que dan cuenta: el estadio de Ciudad Victoria (1938); la fundación y dirección de la legendaria revista Arquitectura/ México (1938-78); los edificios de departamentos Toledo y Chapultepec (1939); los hoteles Alameda de Morelia (1942) y Plaza (1945); su participación en el Comité de Construcción del Centro Médico de la ciudad de México (1943-47); la Escuela Nacional de Maestros (1945); el Conservatorio Nacional de Música (1946); su participación en la fundación del Colegio de Arquitectos de México (1946); el Conjunto Urbano Presidente Miguel Alemán (1948) y la Unidad Habitacional Modelo (1948); la Torre de Rectoría de la Universidad Nacional Autónoma de México (1950); la codirección, con Enrique del Moral, del conjunto de obras de la Ciudad Universitaria (1950-52); la introducción en México del sistema de condominio (1956) y el Conjunto Urbano Nonoalco-Tlatelolco (1960-64), entre otras actividades y proyectos. Reconocido con el Gran Premio de la Academia Nacional de Arquitectura en 1984 y dos años más tarde con el Premio Nacional de Ciencias y Artes, en la categoría de Bellas Artes, Pani es considerado uno de los más importantes exponentes del neorracionalismo en América Latina. | |
| 649 | |a XX | ||
| 650 | |a Arquitectos Mexicanos - |x Entrevistas | ||
| 650 | |a Artistas Mexicanos - |x Entrevistas | ||
| 650 | |a Arquitectura Universalista - |z México (Ciudad) - |x Historia y Crítica | ||
| 650 | |a Arquitectura Universalista - |z México - |x Historia y Crítica | ||
| 650 | |a Arquitectura Moderna - |z México (Ciudad) - |x Historia y Crítica | ||
| 650 | |a Arquitectura Moderna - |z México - |x Historia y Crítica | ||
| 650 | |a Arquitectura Mexicana - |x Historia y Crítica | ||
| 650 | |a Arquitectura Mexicana - |y Siglo XX | ||
| 650 | |a Arte Moderno - |z México (Ciudad) - |x Historia y Crítica | ||
| 650 | |a Arte Moderno - |z México - |x Historia y Crítica | ||
| 650 | |a Arte Mexicano - |x Historia y Crítica | ||
| 650 | |a Arte Mexicano - |y Siglo XX | ||
| 650 | |a Historia Oral - |z México (Ciudad) - |x Tema Principal | ||
| 650 | |a Historia Oral - |z México | ||
| 650 | |a México (Ciudad) - |x Historia - |y 1946-2000 | ||
| 650 | |a México (Ciudad) - |x Historia - |y Siglo XX | ||
| 650 | |a México - |x Historia - |y 1946-2000 | ||
| 650 | |a México - |x Historia - |y Siglo XX | ||
| 650 | |a Pani, Mario - |x Tema Principal | ||
| 700 | |a Garay, Graciela de |e (entrevista e investigación) | ||
| 910 | |a Fondo General | ||
| 920 | |a Impresos - Libros | ||
| 930 | |a Colección General | ||
| 905 | |a 101 | ||
| 901 | |a 0500055964 |b IT1 |c ACC |u 20250521 | ||
| 902 | |a https://opac.biblio.iteso.mx/vufind/Record/000121558 | ||